000 00277nam a2200121Ia 4500
008 190216s9999||||xx |||||||||||||| ||und||
100 _aShuk Dev Prasad
245 0 _aHindi-Anthereekshmem Bharathiya Upanyas
260 _bNull
300 _a79
650 _aHindi
942 _cBK
999 _c16251
_d16251